000 00424nam a22001457a 4500
003 MACL
005 20190501161532.0
008 190501b xxu||||| |||| 00| 0 eng d
040 _cMACL
100 _aदनोसी,बी. एल.
_974668
245 _aभवबंधन
260 _aनई दिल्‍ली
_bईशा ज्ञानदीप
_c२०१६
650 _aजीवनी
_97943
942 _2ddc
_cHIN
999 _c59614
_d59614